000 02307nam a2200529 i 4500
001 198319
003 ES-MaACL
005 20260518181804.0
007 ta
008 260518s19671972sp ||||| |||| 001 0 spa d
017 _aB 31403-1967
_bOficina Depósito Legal Barcelona
017 _aB 31403-1968
_bOficina Depósito Legal Barcelona
017 _aB 31403-1969
_bOficina Depósito Legal Barcelona
017 _aB 30332-1970
_bOficina Depósito Legal Barcelona
017 _aB 552-1971
_bOficina Depósito Legal Barcelona
017 _aB 21693-1971
_bOficina Depósito Legal Barcelona
017 _aB 50223-1971
_bOficina Depósito Legal Barcelona
040 _aES-MaACL
_bspa
_cES-MaACL
_erda
080 _a821.133.1-32"18"(082.2)
100 1 _aBalzac, Honoré de,
_d1799-1850
_4aut
_925139
_eaut
240 1 3 _aLa comédie humaine.
_lEspañol
245 1 3 _aLa comedia humana /
_cHonoré de Balzac ; traducción de Pedro Pellicena
250 _aPrimera edición
264 1 _aEsplugas de Llobregat (Barcelona) :
_bPlaza & Janés,
_c1967-1972
300 _a8 volúmenes ;
_c18 cm
336 _2rdacontent
_aTexto
337 _2rdamedia
_asin mediación
338 _2rdacarrier
_avolumen
490 0 _aLos Clásicos del Siglo XIX
500 _aRegistro provisional
500 _aFirma de J. Porto en portada
500 _aÍndices
655 4 _aNovelas sociales
_9234402
700 1 _aPellicena, Pedro
_4trl
_990079
_etrl
852 _aES-MaACL
_cDES
_jDB-169
_hDonación: J. Porto
_xEncuadernación cartoné
_9207293
852 _aES-MaACL
_cDES
_jDB-170
_hDonación: J. Porto
_xEncuadernación cartoné
_9207294
852 _aES-MaACL
_cDES
_jDB-171
_hDonación: J. Porto
_xEncuadernación cartoné
_9207295
852 _aES-MaACL
_cDES
_jDB-172
_hDonación: J. Porto
_xEncuadernación cartoné
_9207296
852 _aES-MaACL
_cDES
_jDB-173
_hDonación: J. Porto
_xEncuadernación cartoné
_9207298
852 _aES-MaACL
_cDES
_jDB-174
_hDonación: J. Porto
_xEncuadernación cartoné
_9207299
852 _aES-MaACL
_cDES
_jDB-175
_hDonación: J. Porto
_xEncuadernación cartoné
_9207300
852 _aES-MaACL
_cDES
_jDB-176
_hDonación: J. Porto
_xEncuadernación cartoné
_9207301
942 _cMONOGRAFIA
_n0
999 _c198319
_d198319